000 00750nam a22002417a 4500
003 UA-OsUOA
001 87510
007 ta
008 20120919b un ||||| |||| 00| 0 ukr d
100 _aКотіна Г.
700 _aСлавкова А.
700 _aСтепура М.
090 _a330(477)
_bК73
942 _cSA
040 _aUA-OsUOA
_bfre
_cUA-OsUOA
_dUA-OsUOA
245 _aОподаткування фізичних осіб з високим рівнем доходів на засадах фіскального партнерства
300 _aС.35-40
955 _a0
041 _afre
080 _a330(477)
773 0 _w87502
_tЕкономіст
_dК.
_d2012
_g7
650 7 _a330 Економіка взагалі
_2UDC
999 _c373845
_d373845